000 00633nam a2200193 i 4500
001 51886
003 ES-MaACL
005 20230906162450.0
007 t|
008 030820s1969 sp ||||1| spa d
100 1 _aDarpoux, Robert.
_942747
245 1 0 _aPlantas de escarda /
_cpor Robert Darpoux y Marcel Debelley ; traducción y adaptación de J.M. Mateo Box y P. Urbano Terrón.
260 _aMadrid :
_bMundi-Prensa,
_c1969.
300 _a309 p. ;
_c22 cm.
700 1 _aDebelley, Marcel.
_943115
700 1 _aMateo Box, José María.
_978956
700 1 _aUrbano Terrón, P.
_9112080
852 _aES-MaACL
_jC-47312
_bR.69420
999 _c51886
_d51886